书目信息 |
| 题名: |
永嘉学派与温州区域文化
|
|
| 作者: | 王宇 著 | |
| 分册: | ||
| 出版信息: | 北京 社会科学文献出版社 2007.12 |
|
| 页数: | 351页 | |
| 开本: | 21cm | |
| 丛书名: | 中国地方社会科学院学术精品文库·浙江系列 | |
| 单 册: | ||
| 中图分类: | B244.92 , K295.53 | |
| 科图分类: | ||
| 主题词: | 文化史--wen hua shi--研究--温州市 , 永嘉学派--yong jia xue pai--研究 | |
| 电子资源: | ||
| ISBN: | 978-7-80230-830-5 | |
| 000 | 00998nam 2200265 450 | |
| 005 | 20080917100443.00 | |
| 010 | @a978-7-80230-830-5@dCNY35.00 | |
| 100 | @a20080109d2007 am y0chiy0110 ea | |
| 101 | 0 | @achi |
| 102 | @aCN@b110000 | |
| 105 | @ay z 000yy | |
| 200 | 1 | @a永嘉学派与温州区域文化@Ayong jia xue pai yu wen zhou qu yu wen hua@f王宇著 |
| 210 | @a北京@c社会科学文献出版社@d2007.12 | |
| 215 | @a351页@d21cm | |
| 225 | 2 | @a中国地方社会科学院学术精品文库·浙江系列@Azhong guo di fang she hui ke xue yuan xue shu jing pin wen ku · zhe jiang xi lie |
| 330 | @a本书内容包括:北宋后期制度转型与知识流动、高宗朝温州士大夫群体研究、陈傅良与永嘉学派科举之维的张扬等。 | |
| 410 | 0 | @12001 @a中国地方社会科学院学术精品文库·浙江系列 |
| 606 | 0 | @a文化史@Awen hua shi@x研究@y温州市 |
| 606 | 0 | @a永嘉学派@Ayong jia xue pai@x研究 |
| 690 | @aB244.92@v4 | |
| 690 | @aK295.53@v4 | |
| 701 | 0 | @a王宇@Awang yu@4著 |
| 801 | @aCN@bLR@c20080917 | |
| 905 | @aZUCC@dB244.92@eW449 | |
| 999 | @aCYP | |
| 永嘉学派与温州区域文化/王宇著.-北京:社会科学文献出版社,2007.12 |
| 351页;21cm.-(中国地方社会科学院学术精品文库·浙江系列) |
| ISBN 978-7-80230-830-5:CNY35.00 |
| 本书内容包括:北宋后期制度转型与知识流动、高宗朝温州士大夫群体研究、陈傅良与永嘉学派科举之维的张扬等。 |
| ● |
| 相关链接 |
|
|
|
正题名:永嘉学派与温州区域文化
索取号:B244.92/W449
 
预约/预借
| 序号 | 登录号 | 条形码 | 馆藏地/架位号 | 状态 | 备注 |
| 1 | 679405 | 206794058 | 社科库509/509社科库 14排4列4层/ [索取号:B244.92/W449] | 在馆 | |
| 2 | 679406 | 206794067 | 社科库509/509社科库 14排4列4层/ [索取号:B244.92/W449] | 在馆 | |
| 3 | 679407 | 206794076 | 社科库509/509社科库 14排4列4层/ [索取号:B244.92/W449] | 在馆 |